000 01691nam0a22003731 4500
001 rc\899177
005 20260407092807.0
010 _bВ пер.
_d2 р. 10 к.
021 _aRU
_b83-63377
035 _a(NLR Aleph) 006075219
090 _a5040646
_c5040646
100 _a20041129d1983 |||y0rusy50 ca
101 0 _arus
102 _aRU
105 _ay z|||||1||
200 1 _aНовейшая история Китая
_e1917-1927
_f[А.В. Меликсетов, А.С. Мугрузин, К.В. Шевелев и др.
_gгл. ред. М.И. Сладковский]
_gАН СССР, Ин-т Дальнего Востока
210 _aМосква
_cНаука
_d1983
215 _a399 с.
_d22
300 _aАвторы указаны на 3-й с.
320 _aБиблиогр.: с. 378-390 (407 назв.)
320 _aИменной указ.: с. 391-397
607 _aКитайская Народная Республика
_xИстория
_z20 в.
_91364358
_3RU\NLR\AUTH\66256882
686 0 _aТ3(5Кит)7
_2rubbk
701 1 _8rus
_7ca
_aМеликсетов
_bА. В.
_f1930-
_gАрлен Ваагович
_3RU\NLR\AUTH\7735999
_918993
701 1 _aМугрузин
_bА. С.
_f1925-
_gАнатолий Сергеевич
701 1 _aШевелев
_bК. В.
_gКонстантин Васильевич
702 1 _aСладковский
_bМ. И.
_f1906-1985
_gМихаил Иосифович
_4340
712 0 2 _4570
_aИнститут Дальнего Востока
_cМосква
_3RU\NLR\AUTH\8822918
_9320215
801 0 _aRU
_bNLR
_gpsbo
801 1 _aRU
_bELAR
_2rusmarc
801 2 _aRU
_bNLR
_c20150407
_2rusmarc
852 _aNLR
_j83-5/6932
942 _cBOOK
980 _aNB